NAME THE ANIME (MALES) Quiz Stats

 Plays Quiz not verified by Sporcle

Score 0/43 Timer 16:00
0 Plays Today
Boy Anime % Correct
Naruto UzumakiNaruto
93.5%
Monkey D. LuffyOne Piece
92.8%
Edward ElricFull Metal Alchemist
90.4%
Ichigo KurosakiBleach
89.8%
Eren JaegarAttack On Titan
86.7%
Lelouch LamperougeCode Geass
86.7%
Sebastian MichaelisBlack Butler
85.7%
Kirito / Kazuto KirigayaSword Art Online
79.3%
Tamaki SuouOuran High School Host Club
71.2%
Zero KiryuuVampire Knight
67.3%
Gintoki SakataGin Tama
65%
Haruka NanaseFree!
62.8%
Yugi MutouYu-Gi-Oh!
60.1%
Usui TakumiKaichou wa Maid Sama
57.9%
Kyo SohmaFruits Basket
56.9%
Yuzuru OtonashiAngel Beats!
46%
Takasu RyuujiToradora
43.1%
KyonThe Melancholy of Haruhi Suzumiya
42.1%
Kuroko TetsuyaKuroko's Basketball
37.2%
Syaoran LiCardcaptor Sakura
31.1%
Ichinose TokiyaUta No Prince Sama
29%
SyaoranTsubasa
28.4%
Boy Anime % Correct
Akihiko UsamiJunjou Romantica
24.9%
Tatsumi OgaBeelzebub
21.7%
Jinta YadomiAnohana
17.2%
Kimihiro WatanukixxxHolic
15.7%
Soshi MiketsukamiInu X Boku SS
15.3%
Keita SuminoeKissXSis
12.1%
Kyosuke KosakaOreimo
11.5%
Hikaru ShindoHikaru No Go
10%
Ichika OrimuraInfinite Stratos
9.6%
Yoichi HirumaEyeshield 21
7.8%
Ritsu OnoderaThe World's Greatest First Love
7%
Chizuru TachibanaYou and Me
5.9%
Cinque IzumiDog Days
5.1%
Tsukasa Domyouji Boys Over Flowers
4.7%
Sakamichi OnodaYowapeda
4.5%
Akira SoumaMeganebu
4.3%
Yutaka HasebeServant x Service
3.9%
Hikari SakishimaNagi No Asakura
1.4%
Koukin ShuuyuIkki Tousen
1.4%
Kanade AmakusaMy Mental Choices are Completely Interfering with my School Romantic Comedy
1.2%
Kazuhito HarumiDog X Scissors
0.6%

You're not logged in!

Compare scores with friends on all Sporcle quizzes.
OR
Log In

Show Comments

Extras

Top Quizzes Today


Score Distribution

Your Account Isn't Verified!

In order to create a playlist on Sporcle, you need to verify the email address you used during registration. Go to your Sporcle Settings to finish the process.

Report this User

Report this user for behavior that violates our Community Guidelines.

Details: